000 00600nam a2200169Ia 4500
003 IN-BaIIA
008 211028s9999 xx s 000 0 eng d
020 _a9781628419085 (Print)
040 _cIIA Library
100 _aRomanovskii, Oleg, ed.
_941329
245 0 _a21st International Symposium Atmospheric and Ocean Optics: Atmospheric Physics
_h[eBook]
260 _aWashington, USA
_bSPIE
_c2015
300 _aOnline resource
490 _aProceedings of SPIE; V. 9680
856 _uhttps://www.spiedigitallibrary.org/conference-proceedings-of-spie/9680
_yClick Here to Access eBook
942 _cEB
999 _c22705
_d22705